000 00683nam a2200229 i 4500
001 148026
003 ES-MaACL
005 20251017063105.0
007 t|
008 070214s1966 sp r ||||1| spa d
100 1 _aSpranger, Eduard,
_d1882-1963
_9107790
245 1 0 _aPsicología de la edad juvenil /
_cEduard Spranger ; traducción de José Gaos.
250 _a8ª ed.
260 _aMadrid :
_bRevista de Occidente,
_c1966.
300 _a407 p. ;
_c18 cm.
490 1 _aSelecta ;
_v1
650 4 _aJóvenes-
_xPsicología.
_913956
700 1 _aGaos, José.
_953902
830 1 _aSelecta ;
_v1
_9181890
852 _aES-MaACL
_jC-30465
999 _c148026
_d148026